000 00601aas a2200205 4500
999 _c3560
_d3560
003 BR-BrBNA
005 20230317233835.0
007 ta
008 230119b bl ||||| |||| 00| 0 por d
035 _a000485-5
040 _aBR-BrBNA
_bPor
_cBR-BrBNA
042 _aN
044 _abl
245 _aRevista Conjuntura Rural do Distrito Federal (Brazil)
260 _aBrasília-DF
_bEmpresa de Assistência Técnica e Extensão Rural
_c1998. Data final de publicação em 1998
_eBDF
310 _atrimestral (de três em três meses)
505 _a1998 1(1-4);
909 _a56
_bSergio Santos
_c56
_dSergio Santos
942 _cCR
_2AGRIS